000 00416pab a2200169 454500
008 180718b2007 xxu||||| |||| 00| 0 eng d
100 _aVasudevan, Parvathi
245 _aElections as a litmus test in Nigeria
260 _c2007
300 _ap.2498-501
362 _a30 Jun
650 _aElections - Nigeria
650 _aElections
773 _aEconomic and Political Weekly
908 _aN
909 _a75150
999 _c75150
_d75150